| 000 | 01091nam a2200265Ia 4500 | ||
|---|---|---|---|
| 003 | IN-BaIIA | ||
| 008 | 211028s9999 xx 000 0 eng d | ||
| 020 | _a90-277-1116-X | ||
| 040 | _cIIA Library | ||
| 080 |
_a082.2:52 _bIAU-88 |
||
| 111 |
_aInternational Astronomical Union Symposium _n88th _cCanada _d1979 Aug. 7-10 _912952 |
||
| 245 | 0 |
_aClose binary stars- observations and interpretation _bproceedings of the International Astronomical Union Symposium No.88 held in Toronto, Canada, August 7-10, 1979 _cedited by Mirek J. Plavec, Danialm Popper and Roger K. Ulrich |
|
| 260 |
_aDordrecht _bD. Reidel Publishing _c1980 |
||
| 300 | _axx, 598p. | ||
| 490 | _aIAU Symposium; no. 88 | ||
| 500 | _aDonated by Mrs. Bappu | ||
| 650 | _aAstronomy and Astrophysics Thesaurus | ||
| 650 |
_aBinary Stars _91185 |
||
| 650 |
_aClose Binary Stars _93592 |
||
| 700 |
_aPlavec, Mirek J., ed. _912953 |
||
| 700 |
_aPopper, Danialm, ed. _912954 |
||
| 700 |
_aUlrich, Roger K., ed. _912955 |
||
| 710 | _aInternational Astronomical Union | ||
| 942 | _cBK | ||
| 999 |
_c7659 _d7659 |
||